[Event "COL-ch U08 Girls"]
[Site "Santander"]
[Date "2012.06.17"]
[Round "8"]
[White "Arcos Jojoa, Angela Sofia"]
[Black "Sayas Torres, Karelis Paola"]
[Result "0-1"]
[WhiteElo "1207"]
[BlackElo "1229"]
[PlyCount "25"]
[EventDate "2012.06.13"]
[EventType "tourn"]
[EventRounds "9"]
[EventCountry "COL"]
[SourceTitle "EXT 2014"]
[Source "ChessBase"]
[SourceDate "2013.11.20"]
[SourceVersion "1"]
[SourceVersionDate "2013.11.20"]
[SourceQuality "1"]

1. e4 e5 2. Nf3 Nc6 3. Bc4 Bc5 4. d3 Nf6 5. Nc3 0-0 6. Bg5 h6 7. Bh4 d6 8. Nd5 Re8 9. Nxf6+ gxf6 10. 0-0 Kh7 11. Bxf7 Rf8 12. Bxf6 Qxf6 13. Bd5 0-1

[Event "COL-ch U08 Girls"]
[Site "Santander"]
[Date "2012.06.14"]
[Round "2"]
[White "Sayas Torres, Karelis Paola"]
[Black "Bastidas, Carina"]
[Result "1-0"]
[WhiteElo "1229"]
[BlackElo "1245"]
[PlyCount "61"]
[EventDate "2012.06.13"]
[EventType "tourn"]
[EventRounds "9"]
[EventCountry "COL"]
[SourceTitle "EXT 2014"]
[Source "ChessBase"]
[SourceDate "2013.11.20"]
[SourceVersion "1"]
[SourceVersionDate "2013.11.20"]
[SourceQuality "1"]

1. e4 e5 2. Nf3 Nc6 3. Bc4 Bc5 4. c3 Nf6 5. d4 Bb6 6. dxe5 Nxe4 7. 0-0 Bxf2+ 8. Rxf2 Nxf2 9. Kxf2 0-0 10. Kg1 d6 11. Bg5 Qd7 12. Bb3 Qg4 13. Qd3 Bf5 14. Qe3 h6 15. Bxh6 dxe5 16. Nbd2 Rae8 17. Nc4 e4 18. h3 exf3 19. Qf2 Re2 20. hxg4 Rxf2 21. Kxf2 Bxg4 22. Ne3 Ne5 23. Rd1 gxh6 24. Rd5 Re8 25. gxf3 Bxf3 26. Bc2 Kf8 27. Rc5 h5 28. Nf5 Re6 29. Rxc7 f6 30. Bb3 Rb6 31. Rc8# 1-0